[Event "4NCL/Div1/SL-BR"]
[Site "Rd5-Birmingham"]
[Date "2000.01.22"]
[Round "5.7"]
[White "Summerscale, Aaron"]
[Black "McFarland, Robert"]
[Result "1-0"]
[WhiteElo "2430"]
[BlackElo "2260"]
[PlyCount "81"]
[EventDate "2000.01.22"]
[SourceDate "2000.01.01"]

1. d4 Nf6 2. c4 g6 3. Nc3 Bg7 4. e4 d6 5. Nf3 O-O 6. Be2 e5 7. O-O Nc6 8. d5
Ne7 9. Ne1 Nd7 10. Be3 f5 11. f3 f4 12. Bf2 g5 13. a4 a5 14. Nd3 b6 15. b4 axb4
16. Nxb4 Nc5 17. a5 Bd7 18. axb6 Rxa1 19. Qxa1 cxb6 20. Rb1 Qa8 21. Nd3 Qxa1
22. Rxa1 Bf6 23. Ra7 Rd8 24. Nb4 Be8 25. Nb5 h6 26. g3 fxg3 27. hxg3 h5 28. Be3
Kh8 29. Nxd6 Rxd6 30. Ra8 Nc8 31. Rxc8 Rd8 32. Rxd8 Bxd8 33. Bxc5 bxc5 34. Nd3
Bc7 35. Kf1 Bd6 36. f4 gxf4 37. gxf4 exf4 38. e5 Bf8 39. d6 f3 40. Bxf3 Bd7 41.
Bd5 1-0

[Event "4NCL/Div1/SL-BR"]
[Site "Rd5-Birmingham"]
[Date "2000.01.22"]
[Round "5.8"]
[White "Buckley, Melanie"]
[Black "Lalic, Susan"]
[Result "1/2-1/2"]
[WhiteElo "2090"]
[BlackElo "2318"]
[PlyCount "43"]
[EventDate "2000.01.22"]
[SourceDate "2000.01.01"]

1. e4 e6 2. d3 d5 3. Qe2 dxe4 4. dxe4 b6 5. Nf3 Ba6 6. Qd2 Qxd2+ 7. Bxd2 Nf6 8.
Nc3 Bxf1 9. Rxf1 Nc6 10. O-O-O Bb4 11. Rfe1 O-O-O 12. a3 Bc5 13. Be3 Rxd1+ 14.
Kxd1 Rd8+ 15. Kc1 Bxe3+ 16. Rxe3 Ng4 17. Re2 h6 18. b3 Nge5 19. Nxe5 Nxe5 20.
f3 Nc6 21. Rd2 Nd4 22. Ne2 1/2-1/2

[Event "4NCL/Div1/AD-RIC"]
[Site "Rd5-Birmingham"]
[Date "2000.01.22"]
[Round "5.1"]
[White "Chandler, Murray"]
[Black "Williams, Simon"]
[Result "1-0"]
[WhiteElo "2527"]
[BlackElo "2362"]
[PlyCount "61"]
[EventDate "2000.01.22"]
[SourceDate "2000.01.01"]

1. e4 e6 2. d4 d5 3. Nc3 Bb4 4. e5 c5 5. a3 Bxc3+ 6. bxc3 Qa5 7. Bd2 Qa4 8. Qg4
Ne7 9. Qxg7 Rg8 10. Qxh7 cxd4 11. Rb1 Bd7 12. cxd4 Nbc6 13. c3 O-O-O 14. Qd3
Na5 15. h4 Nc4 16. Bg5 Rde8 17. Qd1 Qxa3 18. Qc1 Qa5 19. Bd3 Bb5 20. Ne2 Nf5
21. Ra1 Qb6 22. Nf4 Kb8 23. O-O Rxg5 24. hxg5 Rh8 25. Bxf5 exf5 26. Re1 Qd8 27.
Nh3 Rh4 28. e6 fxe6 29. Rxe6 f4 30. Rh6 Rg4 31. Nxf4 1-0

[Event "4NCL/Div1/AD-RIC"]
[Site "Rd5-Birmingham"]
[Date "2000.01.22"]
[Round "5.2"]
[White "Bates, Richard"]
[Black "Mestel, Jonathan"]
[Result "0-1"]
[WhiteElo "2368"]
[BlackElo "2479"]
[PlyCount "82"]
[EventDate "2000.01.22"]
[SourceDate "2000.01.01"]

1. d4 g6 2. e4 d6 3. c4 e5 4. Nc3 Nc6 5. d5 Nce7 6. g4 Nf6 7. f3 Bg7 8. h4 h5
9. g5 Nd7 10. Nh3 O-O 11. Be3 a5 12. Qe2 Nc5 13. O-O-O Bd7 14. Nf2 Qb8 15. Bh3
Be8 16. Bxc5 dxc5 17. Nd3 b5 18. Nxc5 Qb6 19. Nd7 Bxd7 20. Bxd7 bxc4 21. Qxc4
Rfd8 22. Bh3 Nc8 23. Bxc8 Raxc8 24. Kb1 Bf8 25. Rhf1 Rb8 26. b3 Bd6 27. Rd3 Rb7
28. Na4 Qa7 29. Qc3 Re8 30. Nb2 Reb8 31. Kc2 Rb4 32. a3 Rxb3 33. Qxb3 Rxb3 34.
Kxb3 Qc5 35. Ka2 Qc2 36. Rdd1 Qh2 37. Kb3 Qxh4 38. Nc4 Qxg5 39. Rd3 Qg2 40.
Rfd1 h4 41. R1d2 Qg3 0-1

[Event "4NCL/Div1/AD-RIC"]
[Site "Rd5-Birmingham"]
[Date "2000.01.22"]
[Round "5.3"]
[White "Richardson, John"]
[Black "Wall, Gavin"]
[Result "1/2-1/2"]
[WhiteElo "2331"]
[BlackElo "2352"]
[PlyCount "84"]
[EventDate "2000.01.22"]
[SourceDate "2000.01.01"]

1. d4 f5 2. g3 Nf6 3. Bg2 g6 4. c4 Bg7 5. Nc3 O-O 6. Nf3 d6 7. O-O Qe8 8. d5
Na6 9. Rb1 Bd7 10. b4 c6 11. dxc6 Bxc6 12. b5 Bxf3 13. exf3 Nc5 14. Re1 Qf7 15.
Nd5 Nxd5 16. cxd5 Rfc8 17. Bb2 Rc7 18. h4 Bxb2 19. Rxb2 Qf6 20. Rbe2 f4 21. Rd2
Rf8 22. Rd4 g5 23. hxg5 Qxg5 24. gxf4 Rxf4 25. Rxf4 Qxf4 26. Bh3 Qh4 27. Kg2
Kh8 28. Qa1+ Qf6 29. Qxf6+ exf6 30. Re8+ Kg7 31. Rd8 Nd3 32. Kg3 Ne5 33. Rxd6
Rc3 34. Bg2 Ra3 35. Rd8 Rxa2 36. f4 Ra3+ 37. f3 Nf7 38. Rd7 b6 39. Bh3 Kg6 40.
f5+ Kg7 41. Bg4 Kg8 42. Bh5 Ne5 1/2-1/2

[Event "4NCL/Div1/AD-RIC"]
[Site "Rd5-Birmingham"]
[Date "2000.01.22"]
[Round "5.4"]
[White "Quinn, Mark"]
[Black "Lyell, Mark"]
[Result "0-1"]
[WhiteElo "2388"]
[BlackElo "2222"]
[PlyCount "64"]
[EventDate "2000.01.22"]
[SourceDate "2000.01.01"]

1. d4 f5 2. g3 g6 3. Bg2 Bg7 4. c3 Nc6 5. Nd2 d6 6. e4 e5 7. d5 Nce7 8. Ne2 Nf6
9. O-O O-O 10. f4 Ng4 11. Nc4 fxe4 12. Bxe4 c6 13. dxc6 d5 14. cxb7 Bxb7 15.
Bg2 Ba6 16. h3 Bxc4 17. hxg4 Qb6+ 18. Rf2 Rad8 19. b3 exf4 20. Nd4 Nc6 21. bxc4
Nxd4 22. gxf4 Rfe8 23. Kh2 dxc4 24. Qf1 Ne6 25. Rb2 Qc5 26. Rab1 Rd3 27. Rb5
Qd6 28. Be4 Rd1 29. Qxc4 Rxc1 30. Rxc1 Qxf4+ 31. Kh3 Qxc1 32. Bc6 Qe3+ 0-1

[Event "4NCL/Div1/AD-RIC"]
[Site "Rd5-Birmingham"]
[Date "2000.01.22"]
[Round "5.5"]
[White "Cafferty, Bernard"]
[Black "Webb, Laurence"]
[Result "1/2-1/2"]
[WhiteElo "2195"]
[BlackElo "2241"]
[PlyCount "43"]
[EventDate "2000.01.22"]
[SourceDate "2000.01.01"]

1. e4 e5 2. Nf3 Nc6 3. Bc4 Nf6 4. d3 Be7 5. O-O O-O 6. Nbd2 d6 7. c3 Na5 8. Bb5
a6 9. Ba4 b5 10. Bc2 c5 11. Re1 Re8 12. Nf1 Bf8 13. a3 Nc6 14. Bg5 h6 15. Bh4
Be6 16. Ne3 Be7 17. d4 cxd4 18. cxd4 exd4 19. Nxd4 Nxd4 20. Qxd4 Rc8 21. Rac1
Qd7 22. Bb1 1/2-1/2

[Event "4NCL/Div1/AD-RIC"]
[Site "Rd5-Birmingham"]
[Date "2000.01.22"]
[Round "5.6"]
[White "Phillips, Roy"]
[Black "Friedgood, David"]
[Result "1/2-1/2"]
[WhiteElo "2257"]
[BlackElo "2244"]
[PlyCount "54"]
[EventDate "2000.01.22"]
[SourceDate "2000.01.01"]

1. e4 c5 2. Nf3 Nc6 3. d4 cxd4 4. Nxd4 Qb6 5. Nb3 Nf6 6. Nc3 e6 7. Bd3 d6 8.
O-O Be7 9. Be3 Qc7 10. f4 a6 11. g4 h5 12. h3 hxg4 13. hxg4 g5 14. fxg5 Nh7 15.
g6 Ng5 16. Bxg5 Bxg5 17. gxf7+ Kf8 18. Kg2 Bd7 19. Nd2 d5 20. Nf3 Qf4 21. Nh4
Rxh4 22. Rxf4 Bxf4 23. Qf3 Ne5 24. Qxf4 Rxg4+ 25. Qxg4 Nxg4 26. exd5 exd5 27.
Nxd5 Bc6 1/2-1/2

[Event "4NCL/Div1/AD-RIC"]
[Site "Rd5-Birmingham"]
[Date "2000.01.22"]
[Round "5.7"]
[White "Anderton, David"]
[Black "Franklin, Michael"]
[Result "1/2-1/2"]
[WhiteElo "2215"]
[BlackElo "2239"]
[PlyCount "58"]
[EventDate "2000.01.22"]
[SourceDate "2000.01.01"]

1. d4 Nf6 2. c4 e6 3. Nc3 Bb4 4. Qc2 Nc6 5. Nf3 Qe7 6. Bd2 d6 7. a3 Bxc3 8.
Bxc3 O-O 9. g3 e5 10. d5 Nd8 11. Bg2 Ne8 12. O-O f5 13. e3 Nf7 14. b4 Nf6 15.
Bb2 Bd7 16. Rfd1 Rac8 17. c5 g5 18. c6 bxc6 19. dxc6 Be6 20. b5 g4 21. Nh4 e4
22. Rd4 Ra8 23. Ra4 Nd5 24. Rd1 Nb6 25. Rb4 Ne5 26. Bf1 Nd5 27. Ra4 Nb6 28. Rb4
Nd5 29. Ra4 Nb6 1/2-1/2

[Event "4NCL/Div1/AD-RIC"]
[Site "Rd5-Birmingham"]
[Date "2000.01.22"]
[Round "5.8"]
[White "Lusher, Claire"]
[Black "Milligan, Helen"]
[Result "1/2-1/2"]
[WhiteElo "1592"]
[BlackElo "2125"]
[PlyCount "55"]
[EventDate "2000.01.22"]
[SourceDate "2000.01.01"]

1. d4 e6 2. e4 d5 3. Nc3 dxe4 4. Nxe4 Nd7 5. Nf3 Ngf6 6. Bg5 Be7 7. Nxf6+ Nxf6
8. Bd3 c5 9. Bb5+ Bd7 10. Bxd7+ Nxd7 11. Bxe7 Qxe7 12. O-O O-O 13. d5 exd5 14.
Qxd5 Nf6 15. Qc4 b6 16. Rfe1 Qb7 17. Rad1 Rad8 18. c3 Rxd1 19. Rxd1 Qe7 20. h3
Re8 21. Qd3 {(Draw offer)} Kf8 22. Qd6 Qxd6 23. Rxd6 Ke7 24. Rd3 Ke6 25. c4 Rb8
26. Re3+ Kd6 27. Rd3+ Ke6 28. Re3+ 1/2-1/2

[Event "4NCL/Div1/WG1-SWR"]
[Site "Rd5-Birmingham"]
[Date "2000.01.22"]
[Round "5.2"]
[White "Davies, Nigel"]
[Black "Baburin, Alexander"]
[Result "1-0"]
[WhiteElo "2497"]
[BlackElo "2597"]
[PlyCount "47"]
[EventDate "2000.01.22"]
[SourceDate "2000.01.01"]

1. c4 b6 2. d4 e6 3. a3 Bb7 4. Nc3 Nf6 5. d5 Bd6 6. Nf3 O-O 7. e4 exd5 8. exd5
c6 9. Be2 Na6 10. O-O Nc7 11. Bg5 Re8 12. Qd2 h6 13. Bh4 cxd5 14. cxd5 a6 15.
Rfe1 b5 16. Nd4 b4 17. axb4 Bxb4 18. Bf3 Rxe1+ 19. Rxe1 Bxd5 20. Nf5 Bxf3 21.
gxf3 Ncd5 22. Kh1 Nxc3 {(Draw offer)} 23. Rg1 g6 24. Qxh6 1-0

[Event "4NCL/Div1/WG1-SWR"]
[Site "Rd5-Birmingham"]
[Date "2000.01.22"]
[Round "5.3"]
[White "Emms, John"]
[Black "Marusenko, Petr"]
[Result "1-0"]
[WhiteElo "2546"]
[BlackElo "2372"]
[PlyCount "57"]
[EventDate "2000.01.22"]
[SourceDate "2000.01.01"]

1. e4 c6 2. d4 d5 3. Nd2 g6 4. c3 Bg7 5. Ngf3 Nh6 6. Bd3 Na6 7. O-O Nc7 8. Re1
O-O 9. Nf1 f6 10. c4 Nf7 11. exd5 cxd5 12. Bf4 Bg4 13. Bxc7 Qxc7 14. Ne3 dxc4
15. Bxc4 Bxf3 16. Qxf3 Rad8 17. Rac1 Qb6 18. Nd5 Qxb2 19. Nf4 Kh8 20. Bxf7 Rxf7
21. Ne6 Rg8 22. Qd5 Bh6 23. Rb1 Qd2 24. Nd8 Rff8 25. Nf7+ Kg7 26. Rxe7 Re8 27.
Qd7 Rxe7 28. Qxe7 Bf4 29. h4 1-0

[Event "4NCL/Div1/WG1-SWR"]
[Site "Rd5-Birmingham"]
[Date "2000.01.22"]
[Round "5.4"]
[White "Dunnington, Angus"]
[Black "Ward, Chris"]
[Result "1/2-1/2"]
[WhiteElo "2372"]
[BlackElo "2473"]
[PlyCount "44"]
[EventDate "2000.01.22"]
[SourceDate "2000.01.01"]

1. d4 Nf6 2. Nf3 e6 3. e3 c5 4. c4 a6 5. Nc3 d5 6. dxc5 Bxc5 7. a3 O-O 8. b4
Ba7 9. Bb2 Nc6 10. Qc2 Qe7 11. Rd1 Rd8 12. Be2 dxc4 13. Rxd8+ Nxd8 14. Ne4 Nxe4
15. Qxe4 f5 16. Qxc4 b5 17. Qd3 Bb7 18. O-O Rc8 19. Rc1 Rxc1+ 20. Bxc1 Qc7 21.
Bb2 Nf7 22. Qc3 Qxc3 1/2-1/2

[Event "4NCL/Div1/WG1-SWR"]
[Site "Rd5-Birmingham"]
[Date "2000.01.22"]
[Round "5.5"]
[White "Littlewood, Paul"]
[Black "Dunworth, Chris"]
[Result "1-0"]
[WhiteElo "2411"]
[BlackElo "2304"]
[PlyCount "121"]
[EventDate "2000.01.22"]
[SourceDate "2000.01.01"]

1. d4 g6 2. e4 Bg7 3. Nf3 c6 4. Nc3 d6 5. Be3 Nf6 6. Qd2 Bg4 7. Be2 Nbd7 8. h3
Bxf3 9. Bxf3 e5 10. O-O-O Qa5 11. dxe5 dxe5 12. g4 O-O-O 13. g5 Nb6 14. Qe2
Nfd7 15. Bg4 Kc7 16. Bxd7 Nxd7 17. Qc4 Bf8 18. Qxf7 Bb4 19. Rd3 Rhf8 20. Qc4
Nc5 21. Rxd8 Rxd8 22. Rd1 Rxd1+ 23. Nxd1 Nd7 24. Qf7 Bc5 25. Bxc5 Qxc5 26. Qxh7
Qc4 27. Qxg6 Qxa2 28. Qf5 Qa1+ 29. Kd2 Qa5+ 30. c3 Qc5 31. g6 Qe7 32. Ne3 b5
33. Qf7 Qxf7 34. gxf7 Kd6 35. Ng4 Ke6 36. Ke3 Kxf7 37. f4 exf4+ 38. Kxf4 Ke6
39. h4 a5 40. h5 c5 41. h6 Nf8 42. Ne5 Kf6 43. Nc6 a4 44. e5+ Ke6 45. Ke4 Nh7
46. Nd8+ Kd7 47. Nb7 Kc6 48. Na5+ Kc7 49. Kd5 b4 50. Kxc5 a3 51. bxa3 bxa3 52.
Kd5 a2 53. Nb3 Kd7 54. c4 Ke7 55. c5 Kd7 56. e6+ Ke7 57. c6 Nf6+ 58. Ke5 Ne8
59. h7 Nf6 60. h8=Q Nd7+ 61. exd7 1-0

[Event "4NCL/Div1/WG1-SWR"]
[Site "Rd5-Birmingham"]
[Date "2000.01.22"]
[Round "5.6"]
[White "Gayson, Peter"]
[Black "Sowray, Peter"]
[Result "1/2-1/2"]
[WhiteElo "2241"]
[BlackElo "2358"]
[PlyCount "192"]
[EventDate "2000.01.22"]
[SourceDate "2000.01.01"]

1. e4 c5 2. Nf3 d6 3. d4 Nf6 4. Nc3 cxd4 5. Nxd4 e6 6. f4 Be7 7. Bb5+ Nfd7 8.
O-O O-O 9. Be3 a6 10. Bd3 Nc6 11. Nb3 b6 12. Qf3 Bb7 13. Qh3 Nb4 14. f5 e5 15.
Rad1 Rc8 16. Qg3 Kh8 17. Rd2 Nf6 18. Rfd1 Nxd3 19. cxd3 b5 20. a3 d5 21. exd5
Bxa3 22. Qxe5 Bd6 23. Qd4 Nxd5 24. Kh1 Nxe3 25. Qxe3 Qh4 26. Qg1 Bb4 27. Rc2
Rfe8 28. Qd4 Qxd4 29. Nxd4 Red8 30. Nce2 Rxc2 31. Nxc2 Be7 32. d4 Be4 33. Ne3
Bg5 34. Ng4 Bxf5 35. Ne5 Be6 36. Nc3 b4 37. Ne4 h6 38. Nxg5 hxg5 39. Nc6 Rd6
40. Nxb4 a5 41. Nc2 Bb3 42. Rd2 Rc6 43. Ne1 Rc1 44. Re2 Rd1 45. h3 f6 46. Kh2
Rxd4 47. Nf3 Rd7 48. Kg3 Kg8 49. h4 gxh4+ 50. Kxh4 Kf7 51. Kg4 Bd1 52. Rf2 Ke6
53. Kf4 Rd5 54. Ke3 Bxf3 55. gxf3 Rb5 56. Rc2 Kf5 57. Rd2 g5 58. Rc2 Rb3+ 59.
Kf2 Rb5 60. Kg3 Ke5 61. Rd2 Rb4 62. Kf2 Rd4 63. Rc2 Kd5 64. b3 Rd3 65. Ra2 Rxb3
66. Rxa5+ Ke6 67. Kg3 Kf7 68. Ra8 f5 69. Kg2 Rb2+ 70. Kg3 Re2 71. Ra5 Kg6 72.
Ra8 Re6 73. Rg8+ Kh5 74. Rh8+ Kg6 75. Rg8+ Kh5 76. Rh8+ Rh6 77. Ra8 f4+ 78. Kh3
Rh7 79. Rb8 Kg6+ 80. Kg2 Rd7 81. Rg8+ Kf6 82. Rf8+ Kg7 83. Ra8 Rd2+ 84. Kg1 Kf6
85. Ra5 Kg6 86. Ra8 Kf6 87. Ra5 Re2 88. Kf1 Rb2 89. Rc5 Kg6 90. Rc8 Rb5 91. Kg2
Rb2+ 92. Kf1 Kh6 93. Rh8+ Kg6 94. Ra8 Rh2 95. Rb8 Rh7 96. Kg2 Ra7 1/2-1/2

[Event "4NCL/Div1/WG1-SWR"]
[Site "Rd5-Birmingham"]
[Date "2000.01.22"]
[Round "5.7"]
[White "Pein, Malcolm"]
[Black "Dearing, Eddie"]
[Result "1/2-1/2"]
[WhiteElo "2436"]
[BlackElo "2263"]
[PlyCount "46"]
[EventDate "2000.01.22"]
[SourceDate "2000.01.01"]

1. Nf3 d5 2. c4 e6 3. d4 c6 4. Qc2 Bd6 5. g3 f5 6. Bf4 Bxf4 7. gxf4 Nf6 8. Nbd2
O-O 9. Bg2 Bd7 10. O-O Be8 11. e3 Bh5 12. cxd5 Bxf3 13. Nxf3 cxd5 14. Qb3 Rf7
15. Ne5 Rc7 16. Rfc1 Nbd7 17. Qa3 Nb6 18. b3 Rac8 19. Nd3 Rxc1+ 20. Rxc1 Rxc1+
21. Qxc1 Nc8 22. Ne5 Nd7 23. Nxd7 Qxd7 1/2-1/2

[Event "4NCL/Div1/WG1-SWR"]
[Site "Rd5-Birmingham"]
[Date "2000.01.22"]
[Round "5.8"]
[White "Forbes, Cathy"]
[Black "Jackson, Sheila"]
[Result "1/2-1/2"]
[WhiteElo "2089"]
[BlackElo "2186"]
[PlyCount "30"]
[EventDate "2000.01.22"]
[SourceDate "2000.01.01"]

1. d4 Nf6 2. Nf3 e6 3. c3 c5 4. Bf4 Nc6 5. e3 Be7 6. h3 O-O 7. Bd3 cxd4 8. exd4
b6 9. Nbd2 Bb7 10. Nc4 d6 11. O-O Rc8 12. Re1 h6 13. a4 Re8 14. Qe2 Qc7 15.
Rad1 Bf8 1/2-1/2

[Event "4NCL/Div1/GUI-IKHH"]
[Site "Rd5-Birmingham"]
[Date "2000.01.22"]
[Round "5.1"]
[White "Conquest, Stuart"]
[Black "Nunn, John"]
[Result "1-0"]
[WhiteElo "2563"]
[BlackElo "2601"]
[PlyCount "85"]
[EventDate "2000.01.22"]
[SourceDate "2000.01.01"]

1. d4 Nf6 2. c4 g6 3. Nc3 Bg7 4. e4 d6 5. Bd3 O-O 6. Nge2 Nc6 7. Bg5 h6 8. Bh4
e5 9. d5 Ne7 10. f3 Nh5 11. g4 Nf4 12. Nxf4 exf4 13. g5 Bh3 14. Qd2 f5 15. gxh6
Bxh6 16. Rg1 Kh7 17. exf5 Bxf5 18. O-O-O Qd7 19. Ne4 Ng8 20. Bg5 Rae8 21. h4
Re5 22. Bxh6 Kxh6 23. Qxf4+ Kg7 24. Qg3 Nh6 25. Nc5 Qf7 26. f4 Ree8 27. Ne6+
Rxe6 28. dxe6 Qxe6 29. h5 Rf6 30. hxg6 d5 31. Rde1 Qd6 32. Bxf5 Nxf5 33. Qh2
Nh6 34. cxd5 Rxf4 35. Qd2 Ng4 36. Kb1 Nf6 37. Re6 Qc5 38. Rc1 Rc4 39. Rxc4 Qxc4
40. b3 Qf1+ 41. Kb2 Kxg6 42. Qc2+ Qf5 43. Re5 1-0

[Event "4NCL/Div1/GUI-IKHH"]
[Site "Rd5-Birmingham"]
[Date "2000.01.22"]
[Round "5.2"]
[White "Gallagher, Joe"]
[Black "Plaskett, James"]
[Result "0-1"]
[WhiteElo "2558"]
[BlackElo "2515"]
[PlyCount "126"]
[EventDate "2000.01.22"]
[SourceDate "2000.01.01"]

1. e4 c5 2. Nf3 d6 3. d4 cxd4 4. Nxd4 e6 5. c4 Nc6 6. Nc3 Nf6 7. Be2 Be7 8. Be3
O-O 9. O-O Bd7 10. Qd2 a6 11. f3 Qb8 12. Nb3 b6 13. Rfd1 Rc8 14. Kh1 Ne5 15.
Bf4 b5 16. c5 dxc5 17. Bxe5 Qxe5 18. f4 Qc7 19. e5 Nd5 20. Nxd5 exd5 21. Qxd5
Bc6 22. Qd2 Rd8 23. Qe3 g6 24. Bf3 Bxf3 25. Qxf3 Rxd1+ 26. Rxd1 {(Draw offer)}
Rd8 27. Rd5 c4 28. Nd2 Rxd5 29. Qxd5 Qd8 30. Qxd8+ Bxd8 31. Nf3 Bb6 32. g3 Kf8
33. Kg2 Ke7 34. Kf1 h6 35. Ke2 Ke6 36. g4 Kd5 37. f5 gxf5 38. gxf5 Bc7 39. e6
fxe6 40. fxe6 Kxe6 41. b3 Kd5 42. bxc4+ Kxc4 43. Kd2 a5 44. h3 b4 45. Kc2 a4
46. Nh4 Be5 47. Nf5 h5 48. Ne7 Bf6 49. Ng6 Kd4 50. Nf4 Ke4 51. Ne6 Be7 52. Nc7
h4 53. Kd2 Bg5+ 54. Kc2 Bf4 55. Ne6 Bd6 56. Kd2 Be7 57. Nc7 Bg5+ 58. Kc2 Kf3
59. Nd5 Kg3 60. Nxb4 Kxh3 61. Nd3 Kg2 62. Ne5 h3 63. Ng4 Kg3 0-1

[Event "4NCL/Div1/GUI-IKHH"]
[Site "Rd5-Birmingham"]
[Date "2000.01.22"]
[Round "5.3"]
[White "King, Daniel"]
[Black "Norwood, David"]
[Result "1/2-1/2"]
[WhiteElo "2514"]
[BlackElo "2518"]
[PlyCount "72"]
[EventDate "2000.01.22"]
[SourceDate "2000.01.01"]

1. e4 g6 2. Nc3 Bg7 3. g3 e5 4. Bg2 d6 5. d3 Ne7 6. f4 O-O 7. Nf3 c5 8. Be3
Nbc6 9. fxe5 Nxe5 10. Nxe5 Bxe5 11. Qd2 Be6 12. O-O Qd7 13. d4 cxd4 14. Bxd4
Nc6 15. Bxe5 Nxe5 16. Nd5 Bxd5 17. Qxd5 Rac8 18. Rad1 Qc7 19. Qxd6 Qxd6 20.
Rxd6 Rxc2 21. Rf2 Rfc8 22. Rd8+ Kg7 23. Rxc8 Rxc8 24. h3 Rc1+ 25. Rf1 Rc7 26.
Rf2 Nd3 27. Rd2 Rc1+ 28. Kh2 Ne5 29. g4 Kf6 30. Kg3 Ke6 31. g5 Nc4 32. Rf2 Re1
33. Kf4 Ne5 34. Rd2 Nc4 35. Rf2 Ne5 36. Rd2 Nc4 1/2-1/2

[Event "4NCL/Div1/GUI-IKHH"]
[Site "Rd5-Birmingham"]
[Date "2000.01.22"]
[Round "5.4"]
[White "Hennigan, Michael"]
[Black "Kinsman, Andrew"]
[Result "1-0"]
[WhiteElo "2456"]
[BlackElo "2399"]
[PlyCount "91"]
[EventDate "2000.01.22"]
[SourceDate "2000.01.01"]

1. g3 Nf6 2. Bg2 d5 3. d3 e6 4. Nd2 Bc5 5. e4 Nc6 6. Ngf3 dxe4 7. dxe4 e5 8.
O-O O-O 9. Qe2 a5 10. Nc4 Qe7 11. a4 b6 12. c3 Ba6 13. Nh4 Ne8 14. Nf5 Qf6 15.
Be3 Nd6 16. Nfxd6 Bxd6 17. Rfd1 Rfd8 18. Bf1 Qe6 19. b3 Bf8 20. Qc2 Bb7 21. Na3
Rxd1 22. Qxd1 Rd8 23. Qc2 Bxa3 24. Rxa3 Ne7 25. Ra1 Qc8 26. f3 Ba6 27. Bxa6
Qxa6 28. Rd1 Qc8 29. Rxd8+ Qxd8 30. Qd2 Qxd2 31. Bxd2 Kf8 32. Kf2 Ke8 33. Ke3
Kd7 34. b4 Kc6 35. bxa5 bxa5 36. c4 Kb6 37. c5+ Kxc5 38. Bxa5 c6 39. Kd3 g6 40.
Kc3 Nc8 41. Bb4+ Kb6 42. Kc4 f5 43. a5+ Kc7 44. Bf8 fxe4 45. fxe4 Na7 46. Kc5
1-0

[Event "4NCL/Div1/GUI-IKHH"]
[Site "Rd5-Birmingham"]
[Date "2000.01.22"]
[Round "5.6"]
[White "McDonald, Neil"]
[Black "Webb, Richard"]
[Result "1/2-1/2"]
[WhiteElo "2438"]
[BlackElo "2351"]
[PlyCount "71"]
[EventDate "2000.01.22"]
[SourceDate "2000.01.01"]

1. e4 c5 2. Nf3 d6 3. c3 Nf6 4. Be2 g6 5. O-O Bg7 6. Bb5+ Bd7 7. Bxd7+ Nbxd7 8.
Re1 O-O 9. d4 cxd4 10. cxd4 e5 11. Nc3 Rc8 12. Be3 Qa5 13. Qb3 exd4 14. Bxd4
Nc5 15. Bxc5 Qxc5 16. h3 Rfe8 17. Rad1 a6 18. a4 Re7 19. Re2 Rce8 20. Rde1 h6
21. Nd2 d5 22. e5 Nh5 23. Nxd5 Rxe5 24. Rxe5 Rxe5 25. Rxe5 Bxe5 26. Qc4 Qd4 27.
Qxd4 Bxd4 28. b3 Ng3 29. Nc4 Ne4 30. Nde3 Kf8 31. Kf1 b5 32. axb5 axb5 33. Na3
Bxe3 34. fxe3 Nd2+ 35. Ke2 Nxb3 36. Nxb5 1/2-1/2

[Event "4NCL/Div1/GUI-IKHH"]
[Site "Rd5-Birmingham"]
[Date "2000.01.22"]
[Round "5.7"]
[White "Thompson, Ian"]
[Black "Black, Richard"]
[Result "0-1"]
[WhiteElo "2249"]
[BlackElo "2254"]
[PlyCount "64"]
[EventDate "2000.01.22"]
[SourceDate "2000.01.01"]

1. c4 g6 2. g3 Bg7 3. Bg2 e5 4. Nc3 Ne7 5. e3 c5 6. Nge2 Nbc6 7. O-O O-O 8. d3
d6 9. h3 Be6 10. Nd5 Qd7 11. Kh2 Kh8 12. Rb1 f5 13. a3 Rae8 14. b4 h6 15. Qa4
Nxd5 16. Bxd5 Ne7 17. Qxd7 Bxd7 18. e4 Nxd5 19. cxd5 Bb5 20. bxc5 Bxd3 21. Rb2
dxc5 22. exf5 Rxf5 23. g4 Rff8 24. Be3 e4 25. Rd2 Rd8 26. f3 c4 27. Rf2 c3 28.
Rd1 c2 29. Rc1 Rxd5 30. Nf4 Be5 31. fxe4 Bxe4 32. Kg1 Rd1+ 0-1

[Event "4NCL/Div1/GUI-IKHH"]
[Site "Rd5-Birmingham"]
[Date "2000.01.22"]
[Round "5.8"]
[White "Richards, Heather"]
[Black "Yurenok, Maria"]
[Result "1/2-1/2"]
[WhiteElo "2086"]
[BlackElo "1912"]
[PlyCount "154"]
[EventDate "2000.01.22"]
[SourceDate "2000.01.01"]

1. e4 c5 2. c3 d5 3. exd5 Qxd5 4. d4 Nf6 5. Nf3 e6 6. Bd3 Be7 7. O-O O-O 8. Qe2
Nc6 9. Be3 cxd4 10. cxd4 Nb4 11. Nc3 Qh5 12. Bc4 b6 13. a3 Nbd5 14. Bg5 Nxc3
15. bxc3 Bb7 16. Bd2 Bxf3 17. Qxf3 Qxf3 18. gxf3 Rfd8 19. Rfe1 Nd5 20. a4 Rac8
21. Ba6 Rc7 22. Rec1 h6 23. a5 Bg5 24. axb6 axb6 25. Bxg5 hxg5 26. c4 Nb4 27.
Bb5 Rxd4 28. Rd1 Rxd1+ 29. Rxd1 Kf8 30. Rd8+ Ke7 31. Rb8 Nc6 32. Rxb6 Ne5 33.
Kg2 Nxc4 34. Bxc4 Rxc4 35. Rb5 Kf6 36. Kg3 e5 37. h3 Rd4 38. Ra5 Kf5 39. Ra7
Kg6 40. Re7 Kf6 41. Ra7 Rf4 42. Ra6+ Kf5 43. Ra7 Kg6 44. Ra5 e4 45. fxe4 Rxe4
46. Ra6+ f6 47. Ra7 Rb4 48. Rc7 Rb3+ 49. f3 f5 50. Rc2 Kh5 51. Kg2 Rb4 52. Kg3
g6 53. Ra2 Rb3 54. Kg2 Rc3 55. Rb2 Ra3 56. Rc2 Rd3 57. Rb2 Ra3 58. Rc2 Ra7 59.
Kg3 Rb7 60. Ra2 Rb3 61. Kg2 Kh6 62. Kg3 Rd3 63. Rb2 Rd1 64. Ra2 f4+ 65. Kg2 Kg7
66. Ra7+ Kf6 67. Ra6+ Kf7 68. Ra7+ Ke6 69. Ra6+ Rd6 70. Ra2 Ke5 71. Re2+ Kf5
72. Kf2 Rd1 73. Kg2 Rd3 74. Kf2 Rd5 75. Kg2 Re5 76. Ra2 Ke6 77. Ra6+ Kf5
1/2-1/2

[Event "4NCL/Div1/WG2-BIG"]
[Site "Rd5-Birmingham"]
[Date "2000.01.22"]
[Round "5.1"]
[White "Levitt, Jon"]
[Black "Parker, Jonathan"]
[Result "1/2-1/2"]
[WhiteElo "2433"]
[BlackElo "2532"]
[PlyCount "44"]
[EventDate "2000.01.22"]
[SourceDate "2000.01.01"]

1. d4 Nf6 2. c4 e6 3. Nc3 Bb4 4. e3 O-O 5. Nge2 d5 6. a3 Be7 7. cxd5 Nxd5 8. e4
Nxc3 9. bxc3 c5 10. Ng3 Qc7 11. Bb2 Rd8 12. Bd3 Nc6 13. Ne2 Rb8 14. O-O b5 15.
Qd2 e5 16. d5 c4 17. Bc2 Bc5 18. Kh1 a5 19. Qg5 f6 20. Qg3 Ne7 21. Bc1 Ng6 22.
Qf3 Qf7 1/2-1/2

[Event "4NCL/Div1/WG2-BIG"]
[Site "Rd5-Birmingham"]
[Date "2000.01.22"]
[Round "5.2"]
[White "McShane, Luke"]
[Black "Tiller, Bjorn"]
[Result "1/2-1/2"]
[WhiteElo "2438"]
[BlackElo "2382"]
[PlyCount "59"]
[EventDate "2000.01.22"]
[SourceDate "2000.01.01"]

1. e4 e6 2. d4 d5 3. Nd2 c5 4. exd5 exd5 5. Ngf3 Nc6 6. Bb5 cxd4 7. Nxd4 Bd7 8.
N2f3 Nf6 9. O-O Be7 10. Re1 O-O 11. a4 Re8 12. c3 Ne4 13. Bd3 Bf6 14. Be3 Bg4
15. h3 Bh5 16. Be2 Na5 17. Bb5 Rf8 18. Qb1 a6 19. Bf1 Rc8 {(Draw offer)} 20.
Qa2 Nc4 21. Rad1 Re8 22. Bxc4 dxc4 23. a5 Qd5 24. Nc2 Qf5 25. Nfd4 Bxd4 26.
Nxd4 Qd5 27. f3 Nc5 28. Bf2 Bg6 29. Rxe8+ Rxe8 30. Re1 1/2-1/2

[Event "4NCL/Div1/WG2-BIG"]
[Site "Rd5-Birmingham"]
[Date "2000.01.22"]
[Round "5.3"]
[White "Norris, Alan"]
[Black "Kelly, Brian"]
[Result "1-0"]
[WhiteElo "2337"]
[BlackElo "2421"]
[PlyCount "93"]
[EventDate "2000.01.22"]
[SourceDate "2000.01.01"]

1. c4 c5 2. g3 g6 3. Bg2 Bg7 4. Nc3 Nc6 5. a3 d6 6. Rb1 a5 7. Nf3 e5 8. O-O
Nge7 9. Ne1 Be6 10. Nd5 Rb8 11. d3 O-O 12. Bg5 f6 13. Bd2 b5 14. Nc2 b4 15.
axb4 axb4 16. Ra1 Bf7 17. Ra6 Nxd5 18. cxd5 Ne7 19. Ne3 Ra8 20. Qa4 Bh6 21. f4
exf4 22. gxf4 Qc8 23. Ra7 Qb8 24. Rxa8 Qxa8 25. Qd7 Qd8 26. Qh3 Bg7 27. f5 Nxf5
28. Nxf5 gxf5 29. Bf4 Kh8 30. Kh1 Rg8 31. Ra1 Qe7 32. Bf3 Bf8 33. Qxf5 Bg6 34.
Qe6 Qg7 35. Rg1 Qf7 36. Qxf7 Bxf7 37. Ra1 f5 38. Ra7 Bg6 39. b3 h5 40. Ra6 Bf7
41. Bxd6 Bxd6 42. Rxd6 Ra8 43. Rc6 Kg7 44. Rxc5 Ra3 45. d6 Kf6 46. d7 Ke7 47.
Bc6 1-0